University Home | Library Home | Institutional Repository

Mathematics, a human endeavor; (Record no. 144771)

MARC details
000 -LEADER
fixed length control field 00858cam3a220024100 4500
001 - CONTROL NUMBER
control field lce00707271
008 - FIXED-LENGTH DATA ELEMENTS--GENERAL INFORMATION
fixed length control field 710204s1970 caua 001 0 eng
010 ## - LIBRARY OF CONGRESS CONTROL NUMBER
LC control number 70116898
020 ## - INTERNATIONAL STANDARD BOOK NUMBER
International Standard Book Number 0716704390
035 ## - SYSTEM CONTROL NUMBER
System control number (Sirsi) r11887
035 ## - SYSTEM CONTROL NUMBER
System control number (DLC) 70116898
035 ## - SYSTEM CONTROL NUMBER
System control number (UPRA)lce00707271
050 0# - LIBRARY OF CONGRESS CALL NUMBER
Classification number QA93
Item number .J33
082 ## - DEWEY DECIMAL CLASSIFICATION NUMBER
Classification number 510
100 1# - MAIN ENTRY--PERSONAL NAME
Personal name Jacobs, Harold R.
Linkage A66204.1
245 10 - TITLE STATEMENT
Title Mathematics, a human endeavor;
Remainder of title a textbook for those who think they don't like the subject
Statement of responsibility, etc. [by] Harold R. Jacobs.
260 ## - PUBLICATION, DISTRIBUTION, ETC.
Place of publication, distribution, etc. San Francisco,
Name of publisher, distributor, etc. W. H. Freeman
Date of publication, distribution, etc. [1970]
490 0# - SERIES STATEMENT
Series statement A Series of books in mathematics
Linkage S1973.1
500 ## - GENERAL NOTE
General note "Get off the earth puzzle": 1 disc in pocket.
650 #0 - SUBJECT ADDED ENTRY--TOPICAL TERM
Topical term or geographic name entry element Mathematics -- Popular works.
General subdivision Mathematics -- Popular works.
Linkage S35314.1
949 ## - LOCAL PROCESSING INFORMATION (OCLC)
a QA93
w lcc
i 33729000227533
m MAIN
p 2500
t BOOK
l ON-SHELF

No items available.

© 2026 - The University of Zambia Library - Koha v25.11